LIBRARY & INFORMATION CENTRE, KCAET, TAVANUR

ONLINE PUBLIC ACCESS CATALOGUE (OPAC)

Potential application of agroforestry systems from Indian sub continent to the analogous ecozones of Africa / (Record no. 12052)

MARC details
000 -LEADER
fixed length control field 00515cam a2200169ua 4500
041 ## - LANGUAGE CODE
Language code of text/sound track or separate title eng
082 ## - DEWEY DECIMAL CLASSIFICATION NUMBER
Classification number 634.99
Item number SIN/PO
100 ## - MAIN ENTRY--AUTHOR NAME
Personal name Singh, G.B .
245 ## - TITLE STATEMENT
Title Potential application of agroforestry systems from Indian sub continent to the analogous ecozones of Africa /
260 ## - PUBLICATION, DISTRIBUTION, ETC. (IMPRINT)
Place of publication New Delhi :
Name of publisher Indian Council for Agricultural Research ,
Year of publication 1997.
300 ## - PHYSICAL DESCRIPTION
Number of Pages 82 ; .
942 ## - ADDED ENTRY ELEMENTS (KOHA)
Koha item type Books
Holdings
Withdrawn status Lost status Damaged status Home library Current library Date acquired Full call number Accession Number Koha item type
      KAUAET KAUAET 07/04/2012 634.99 20848 Books
free website counter